Tablice geograficzne /

Sparad:
Bibliografiska uppgifter
Övriga upphov: Mizerski, Witold (Redakcja), Żukowska, Jadwiga (Opracowanie)
Materialtyp: Bok
Språk:polska
Utgiven: Warszawa : "Adamantan", 1995.
Upplaga:Wyd. 3.
Ämnen:
Taggar: Lägg till en tagg
Inga taggar, Lägg till första taggen!

MARC

LEADER 00000nam a2200000 i 4500
001 9913364198505606
005 20260515140226.0
008 090916s1995 pl# 00 pol
020 |a 8385655107 
035 |a GDYM36230-48omnis_network 
035 |a (PL)b0001270022937 
040 |a MBPG  |c MBPG 
041 0 |a pol 
080 |a 911(100)+913(438)](083.41) 
090 |c 71  |d 70 
245 |a Tablice geograficzne /  |c [oprac. Witold Mizerski (red.), Jadwiga Żukowska, Jan Żukowski]. 
250 |a Wyd. 3. 
260 |a Warszawa :  |b "Adamantan",  |c 1995. 
300 |a 67 s. :  |b mapy (w tym kolor.), rys., 3 wykr. ;  |c 21 cm. 
504 |a Bibliogr. s. 67. 
650 7 |a Geografia  |x tablice i wzory 
700 |a Mizerski, Witold  |e Redakcja 
700 1 |a Żukowska, Jadwiga  |e Opracowanie 
920 |a 83-85655-10-7. 
942 |c K 
952 |0 0  |1 0  |4 0  |6 R__49_000000000000000  |7 0  |9 69  |a RYT  |b RYT  |d 2026-03-17  |e 1/2026  |g 10.00  |l 0  |o R.49  |p 2000000000497  |r 2026-05-15 14:02:26  |w 2026-05-15  |y BK  |z da 
999 |c 69  |d 69